000 01102cab a2200313 4500
001 ABS47320
008 090401t1992 xxu||||| |||| 00| 0 eng d
035 _a(Sirsi) u61603
041 _aeng
100 _aChalkley, R.
245 _aAccounting requirements
260 _c1992
350 _a0
490 _aCSM (Chartered Surveyor Monthly)
_v2(2) October 1992, 12-14(2)
520 _aLast two articles in a series on clients money discussing the chartered surveyors accounting requirements and regulations 11 and 12 of the Members` Accounts Regulations which contain the monitoring and enforcement provisions. (See Abs45978 and CS Monthly July 1992, p10)
650 _aACCOUNTANTS REPORTS
650 _aRICS BYE-LAW 24(1)
650 _aRICS BYE-LAW 24(8)
650 _aCLIENTS MONEY
650 _aCOMPANY ACCOUNTS
650 _aRICS MEMBERS' ACCOUNTS RULES
650 _aREGULATION 11
650 _aREGULATION 12
650 _aSELF-CERTIFICIATION
690 _aMANAGEMENT-BUSINESS MANAGEMENT-PROFESSIONAL PRACTICE
700 _aBond, I.
942 _n0
948 _c04/03/1997
999 _c38199
_d38199